00685nam a2200181 a 4500008004100000050001900041100001600060245005500076250001200131260004000143300001400183350000900197650004000206650002600246995008700272999001700359952012700376120416s1980 ||||||||||||||||| || u aHF 5657.G7 Hay aHay, Leon E10aAccounting for governmental and nonprofit entities a6th ed. aHomewood, [Ill.]bR. D. Irwinc1980 axv, 672p. a0.00 0aACCOUNTING--HANDBOOKS, MANUALS, ETC aACCOUNTING PRINCIPLES D0.00FCBU-MAIN LIBRARY (Kitwe)H1I0.00M1UAVAILABLEZAnnex Low-Usage Collection  c33324d33324 00102lcc4070a001b001cAnnex Low-Usage Collection d2022-11-30l0oHF 5657.G7 Hayp007044r2022-11-30w2022-11-30y002